000 00292nam a2200121Ia 4500
008 220204s9999 xx 000 0 und d
082 _a301.151
_bSHE
100 _aSherif, C W
245 0 _aSocial psychology
260 _aNew York
_bHarper and Row
_c1969
700 _aSherif, M
942 _cBK
999 _c29609
_d29609